000 00647cam a22002057a 4500
001 000393
003 armpunfd
005 20140612090609.0
008 011019e1994####xx#a##########000#0#und#d
040 _aarmpunfd
_carmpunfd
080 _a351.83 F 391
100 1 0 _a Fernandez, Luis A.
245 1 0 _aPractica laboral : contratos laborales, telegramas y notificaciones, liquidacion de sueldos y jornales : ley 23.789, su reglamentacion
260 _a Buenos Aires
_b Ediciones Juridicas
_c1994
300 _a352 p.
650 7 _a Derecho Laboral
_2LEMB
942 _cLB
_2cdu
945 _aCatalis
_d2010-08-19
945 _aCatalis
_d2010-08-19
999 _c391
_d230895